[Event "Ljubljana op"]
[Site "Ljubljana"]
[Date "2024.05.04"]
[Round "9"]
[White "Mencinger, Vojko"]
[Black "Sajn, Simon"]
[Result "1-0"]
[WhiteElo "2301"]
[BlackElo "2102"]
[PlyCount "139"]
[EventDate "2024.04.27"]
[EventType "swiss"]
[EventRounds "9"]
[EventCountry "SLO"]
[SourceTitle "CBM 220 Extra"]
[Source "ChessBase"]
[SourceDate "2024.07.31"]
[SourceVersion "1"]
[SourceVersionDate "2024.07.31"]
[SourceQuality "1"]

1. e4 c5 2. Nf3 Nc6 3. d4 cxd4 4. Nxd4 g6 5. c4 Bg7 6. Be3 Nf6 7. Nc3 0-0 8. Be2 d6 9. 0-0 a6 10. Qd2 Ng4 11. Bxg4 Bxg4 12. f3 Bd7 13. Rfd1 Ne5 14. b3 Re8 15. a4 Nc6 16. Nd5 Be6 17. Nxe6 fxe6 18. Bb6 Qc8 19. Nc3 a5 20. Rac1 Ra6 21. Qf2 Nb4 22. Nb5 Qc6 23. c5 Bh6 24. f4 Rf8 25. g3 e5 26. Rc4 d5 27. Rxb4 axb4 28. exd5 Qd7 29. Qf3 exf4 30. g4 Bg7 31. c6 bxc6 32. dxc6 Qc8 33. a5 Qb8 34. c7 Qa8 35. Kf2 Rxa5 36. Bxa5 Qxa5 37. Qd5+ Kh8 38. Kf3 Qb6 39. Re1 Bf6 40. g5 Bg7 41. h4 e6 42. Qd7 Qb7+ 43. Re4 Qa8 44. Na7 Qxa7 45. c8Q Qg1 46. Qxf8+ Bxf8 47. Qd4+ Qxd4 48. Rxd4 e5 49. Rd8 Kg7 50. Rd7+ Kg8 51. Ke4 Bc5 52. Kxe5 f3 53. Rd3 f2 54. Rf3 h6 55. Kd5 Be3 56. Ke4 Bc5 57. Kd3 hxg5 58. hxg5 Kg7 59. Ke2 Be7 60. Rg3 Bc5 61. Rg4 Kf7 62. Rc4 Be7 63. Kxf2 Bxg5 64. Rxb4 Bc1 65. Kf3 Ke7 66. Rd4 g5 67. b4 Ke6 68. b5 Ke5 69. Rc4 Bf4 70. b6 1-0

[Event "Ljubljana op"]
[Site "Ljubljana"]
[Date "2024.05.03"]
[Round "8"]
[White "Sajn, Simon"]
[Black "Subelj, Jan"]
[Result "0-1"]
[WhiteElo "2102"]
[BlackElo "2511"]
[PlyCount "82"]
[EventDate "2024.04.27"]
[EventType "swiss"]
[EventRounds "9"]
[EventCountry "SLO"]
[SourceTitle "CBM 220 Extra"]
[Source "ChessBase"]
[SourceDate "2024.07.31"]
[SourceVersion "1"]
[SourceVersionDate "2024.07.31"]
[SourceQuality "1"]

1. d4 Nf6 2. Bf4 c6 3. e3 Qb6 4. Qc1 Nh5 5. Nf3 d6 6. Bd3 Nxf4 7. exf4 g6 8. Nbd2 Bg7 9. Nc4 Qc7 10. 0-0 Bg4 11. Ncd2 0-0 12. c3 c5 13. dxc5 Nd7 14. cxd6 Qxd6 15. Be2 Qxf4 16. h3 Bf5 17. Nb3 Qc7 18. Nfd4 Be4 19. Qe3 Nf6 20. Bf3 Bxf3 21. Nxf3 Nd5 22. Qe4 e6 23. Nbd4 Rfe8 24. Rfe1 a6 25. Rac1 Rad8 26. Ne2 f5 27. Qc2 e5 28. Qb3 Qb6 29. Qxb6 Nxb6 30. Rcd1 Na4 31. b3 Nc5 32. Rxd8 Rxd8 33. Kf1 Rd3 34. Rc1 e4 35. Nfd4 Rd2 36. g4 Nd3 37. Ra1 Bxd4 38. cxd4 f4 39. a4 f3 40. Nc3 Rxf2+ 41. Kg1 e3 0-1

[Event "SLO-chT1 West"]
[Site "Slovenia"]
[Date "2022.10.16"]
[Round "6.1"]
[White "Sajn, Simon"]
[Black "Praznik, Niko"]
[Result "1/2-1/2"]
[WhiteElo "2130"]
[BlackElo "2324"]
[PlyCount "50"]
[EventDate "2022.10.07"]
[EventType "team-tourn"]
[EventRounds "9"]
[EventCountry "SLO"]
[SourceTitle "CBM 210 Extra"]
[Source "ChessBase"]
[SourceDate "2022.11.30"]
[SourceVersion "1"]
[SourceVersionDate "2022.11.30"]
[SourceQuality "1"]
[WhiteTeam "Ilirska Bistrica Rimex"]
[BlackTeam "Vrhnika"]
[WhiteTeamCountry "SLO"]
[BlackTeamCountry "SLO"]

1. d4 d6 2. Nf3 g6 3. e4 Bg7 4. Be2 Nf6 5. Nc3 0-0 6. 0-0 Bg4 7. Be3 Nc6 8. d5 Bxf3 9. Bxf3 Ne5 10. Be2 c6 11. f4 Ned7 12. Bf3 cxd5 13. Nxd5 Nxd5 14. Qxd5 Bxb2 15. Rab1 Ba3 16. Rxb7 Bc5 17. Bxc5 Nxc5 18. Rbb1 Qc7 19. Qg5 Rab8 20. Rxb8 Rxb8 21. f5 Qb6 22. Kh1 Qb1 23. Kg1 Qb6 24. Kh1 Qb1 25. Kg1 Qb6 1/2-1/2

[Event "SLO-chT1 West"]
[Site "Slovenia"]
[Date "2022.10.14"]
[Round "4.1"]
[White "Sajn, Simon"]
[Black "Janzelj, Tim"]
[Result "1/2-1/2"]
[WhiteElo "2130"]
[BlackElo "2456"]
[PlyCount "101"]
[EventDate "2022.10.07"]
[EventType "team-tourn"]
[EventRounds "9"]
[EventCountry "SLO"]
[SourceTitle "CBM 210 Extra"]
[Source "ChessBase"]
[SourceDate "2022.11.30"]
[SourceVersion "1"]
[SourceVersionDate "2022.11.30"]
[SourceQuality "1"]
[WhiteTeam "Ilirska Bistrica Rimex"]
[BlackTeam "Ig"]
[WhiteTeamCountry "SLO"]
[BlackTeamCountry "SLO"]

1. d4 f5 2. Bf4 Nf6 3. e3 d6 4. c4 e6 5. Nc3 Nbd7 6. Nf3 Nh5 7. Ng5 Ndf6 8. Be2 g6 9. h3 Nxf4 10. exf4 Bg7 11. 0-0 h6 12. Nf3 0-0 13. d5 Re8 14. Re1 c5 15. Bf1 exd5 16. Rxe8+ Qxe8 17. Nxd5 Nxd5 18. Qxd5+ Qe6 19. Qd2 Bf8 20. Re1 Qf7 21. g3 Be6 22. b3 Rd8 23. Bg2 Kh7 24. Re3 Rb8 25. Qe1 Bd7 26. Qa5 Ra8 27. Qc7 Be6 28. Qxf7+ Bxf7 29. Nd2 Rb8 30. a4 a6 31. Rd3 Kg7 32. Nf1 Be8 33. Ne3 Bd7 34. Kf1 Kf7 35. Ke2 Bc6 36. Bd5+ Ke7 37. g4 Bd7 38. Bg8 b5 39. axb5 axb5 40. f3 Ra8 41. Nd5+ Kd8 42. Bh7 Ra2+ 43. Rd2 Ra3 44. Rd3 fxg4 45. fxg4 h5 46. f5 hxg4 47. hxg4 gxf5 48. gxf5 Ra2+ 49. Rd2 Rxd2+ 50. Kxd2 Bc6 51. Bg8 1/2-1/2

[Event "SLO-chT1 West"]
[Site "Slovenia"]
[Date "2022.10.08"]
[Round "2.1"]
[White "Sajn, Simon"]
[Black "Drnovsek, Gal"]
[Result "1/2-1/2"]
[WhiteElo "2130"]
[BlackElo "2393"]
[PlyCount "138"]
[EventDate "2022.10.07"]
[EventType "team-tourn"]
[EventRounds "9"]
[EventCountry "SLO"]
[SourceTitle "CBM 210 Extra"]
[Source "ChessBase"]
[SourceDate "2022.11.30"]
[SourceVersion "1"]
[SourceVersionDate "2022.11.30"]
[SourceQuality "1"]
[WhiteTeam "Ilirska Bistrica Rimex"]
[BlackTeam "Kranj Tomo Zupan"]
[WhiteTeamCountry "SLO"]
[BlackTeamCountry "SLO"]

1. d4 Nf6 2. Nf3 d5 3. Bf4 c5 4. e3 Nc6 5. Nc3 c4 6. Ne5 e6 7. a3 Be7 8. Be2 0-0 9. 0-0 Qb6 10. Qd2 Nd7 11. Nf3 a6 12. b3 cxb3 13. Rfb1 b2 14. Ra2 Qa5 15. Rbxb2 b5 16. e4 dxe4 17. Nxe4 Qxd2 18. Bxd2 Nb6 19. Bb4 Nxb4 20. axb4 Na4 21. Rb3 Bb7 22. Ned2 Rac8 23. c4 Rfd8 24. Rc2 Bd5 25. Rb1 bxc4 26. Bxc4 Nb6 27. Bd3 Rxc2 28. Bxc2 Nc4 29. Bd3 Na3 30. Ra1 Bxb4 31. Bxa6 Nc2 32. Rd1 Ba8 33. Nb3 Bd5 34. Nbd2 Ba8 35. Nb3 Bc3 36. Rc1 Be4 37. Nbd2 Bf5 38. g4 Bg6 39. Nb3 h6 40. Ne5 Nb4 41. Nxg6 fxg6 42. Bc4 Bb2 43. Bxe6+ Kf8 44. Rc7 Rd6 45. Rb7 Rxe6 46. Rxb4 Re4 47. h3 Ba3 48. Rb7 h5 49. f3 Re2 50. Rb5 Rb2 51. Rb7 Rc2 52. d5 Rc3 53. Kf2 Rd3 54. Rb5 Ke7 55. Ke2 Rc3 56. Nd4 Rc1 57. gxh5 gxh5 58. Nf5+ Kf6 59. d6 Rc8 60. Rd5 Rd8 61. Ng3 Ke6 62. Rd3 Bxd6 63. Nxh5 Kf7 64. Ng3 Bc7 65. Rxd8 Bxd8 66. f4 g5 67. f5 Kf6 68. Kf3 Bc7 69. Kg4 Bxg3 1/2-1/2

[Event "Trieste op 23rd"]
[Site "Trieste"]
[Date "2021.09.04"]
[Round "9"]
[White "Suta, Andraz"]
[Black "Sajn, Simon"]
[Result "0-1"]
[WhiteElo "2255"]
[BlackElo "2114"]
[PlyCount "64"]
[EventDate "2021.08.28"]
[EventType "swiss"]
[EventRounds "9"]
[EventCountry "ITA"]
[SourceTitle "CBM 204 Extra"]
[Source "ChessBase"]
[SourceDate "2021.11.30"]
[SourceVersion "1"]
[SourceVersionDate "2021.11.30"]
[SourceQuality "1"]

1. e4 c5 2. Nf3 d6 3. d4 cxd4 4. Nxd4 Nf6 5. Nc3 g6 6. Be3 Bg7 7. f3 0-0 8. Qd2 Nc6 9. Bc4 Bd7 10. 0-0-0 Rb8 11. Bb3 Na5 12. Kb1 b5 13. h4 Nxb3 14. cxb3 b4 15. Nce2 h5 16. g4 Qa5 17. gxh5 Nxh5 18. Rdg1 Rfc8 19. Rg5 Rc5 20. Nc6 Bxc6 21. Bxc5 dxc5 22. Rxh5 gxh5 23. Rg1 c4 24. Qd4 e5 25. Qd6 Qb6 26. Rxg7+ Kxg7 27. Qxe5+ Kg8 28. Nf4 Qg1+ 29. Kc2 cxb3+ 30. axb3 Rc8 31. Kd2 Rd8+ 32. Nd3 Qg7 0-1

[Event "Trieste op 23rd"]
[Site "Trieste"]
[Date "2021.09.03"]
[Round "8"]
[White "Sajn, Simon"]
[Black "Della Sala, Bruno"]
[Result "1-0"]
[WhiteElo "2114"]
[BlackElo "2014"]
[PlyCount "119"]
[EventDate "2021.08.28"]
[EventType "swiss"]
[EventRounds "9"]
[EventCountry "ITA"]
[SourceTitle "CBM 204 Extra"]
[Source "ChessBase"]
[SourceDate "2021.11.30"]
[SourceVersion "1"]
[SourceVersionDate "2021.11.30"]
[SourceQuality "1"]

1. d4 Nf6 2. Bf4 c5 3. e3 Qb6 4. Nc3 g6 5. Nf3 Bg7 6. Be2 d6 7. 0-0 cxd4 8. exd4 0-0 9. Rb1 Bd7 10. Re1 Re8 11. h3 Na6 12. Bc4 Rac8 13. Bb3 Nc7 14. Ng5 e6 15. Qd2 Nb5 16. Nce4 Nxe4 17. Nxe4 d5 18. Nc5 Bc6 19. c3 Qd8 20. Be5 f6 21. Bg3 e5 22. a4 Nc7 23. dxe5 fxe5 24. Nd3 e4 25. Nb4 Kh8 26. Rbd1 a5 27. Nc2 Qe7 28. Qe3 Qd7 29. Qb6 Bxa4 30. Bxc7 Bxb3 31. Qxb3 Qxc7 32. Qxd5 Qb6 33. Qa2 Rf8 34. Re2 Qb5 35. Rde1 Rce8 36. Ne3 b6 37. Qd5 Qa6 38. Ng4 h5 39. Ne3 Kh7 40. Nc2 Re5 41. Qc6 Rf6 42. Qc7 Rfe6 43. Nd4 Re7 44. Qc6 Qd3 45. Qxb6 e3 46. f4 Rd5 47. Qc6 Rxd4 48. cxd4 Bxd4 49. Qc2 Qb5 50. Rd1 Qc5 51. Qxc5 Bxc5 52. Rd3 h4 53. g3 hxg3 54. Kg2 Kg7 55. Kxg3 Re6 56. Kf3 Kf6 57. Rd5 Bb6 58. Rc2 Kf7 59. h4 Kg7 60. h5 1-0

[Event "Otocec Krka Terme op"]
[Site "Otocec"]
[Date "2021.07.09"]
[Round "8"]
[White "Kozlovic, Jernej"]
[Black "Sajn, Simon"]
[Result "1-0"]
[WhiteElo "1773"]
[BlackElo "2127"]
[PlyCount "180"]
[EventDate "2021.07.03"]
[EventType "swiss"]
[EventRounds "9"]
[EventCountry "SLO"]
[SourceTitle "CBM 203 Extra"]
[Source "ChessBase"]
[SourceDate "2021.09.30"]
[SourceVersion "1"]
[SourceVersionDate "2021.09.30"]
[SourceQuality "1"]

1. d4 Nf6 2. Nf3 d5 3. Bf4 c5 4. e3 Nc6 5. c3 Qb6 6. Qb3 c4 7. Qxb6 axb6 8. Be2 b5 9. Nbd2 b4 10. 0-0 Bf5 11. Rfc1 e6 12. Nh4 bxc3 13. Rxc3 Bb4 14. Nxf5 exf5 15. Rc2 0-0 16. a3 Rfe8 17. Rb1 Bf8 18. b3 b5 19. a4 Nxd4 20. exd4 Rxe2 21. axb5 cxb3 22. Rcb2 Ne4 23. b6 Bd6 24. Bxd6 Nxd6 25. Kf1 Re7 26. Rxb3 Rb8 27. Rc3 g6 28. Rc5 Reb7 29. Rxd5 Rxb6 30. Rxb6 Rxb6 31. Ke2 Kf8 32. Kd3 Ke7 33. Rc5 Ra6 34. d5 Kd7 35. Rc2 f6 36. Nb3 Ra3 37. Rb2 Ne4 38. f3 Nd6 39. Kd4 Ra4+ 40. Kd3 Nb7 41. Nd4 Nc5+ 42. Kc3 Kd6 43. Rd2 Ra3+ 44. Kc4 Ra4+ 45. Kc3 Nd7 46. Kb3 Nb6 47. Nb5+ Kc5 48. d6 Rb4+ 49. Kc2 Rc4+ 50. Kb3 Rb4+ 51. Kc2 Nd7 52. Nc7 Kc6 53. Kc3 Ra4 54. Nd5 Kc5 55. Nc7 Ra3+ 56. Kb2 Re3 57. Na6+ Kc6 58. Nb4+ Kc5 59. Na6+ Kb6 60. Nb4 Re6 61. Kb3 Kc5 62. Rd5+ Kb6 63. Rd2 Re5 64. Kc4 Rc5+ 65. Kd4 Ra5 66. Rb2 h5 67. h3 g5 68. Rc2 Ra4 69. Kc4 Ne5+ 70. Kb3 Ra5 71. Rd2 Nd7 72. Kc4 Rc5+ 73. Kd4 Rb5 74. Kc4 Ne5+ 75. Kc3 Rc5+ 76. Kb3 Nd7 77. Nd5+ Kc6 78. Nb4+ Kb5 79. Nd5 f4 80. Nb4 Re5 81. Nd5 Kc5 82. Nc7 Re3+ 83. Kb2 Kc6 84. Kc2 Nb6 85. Na6 Re6 86. Nb8+ Kb5 87. d7 Nxd7 88. Nxd7 Kc4 89. Kd1 Kc3 90. Nc5 Rb6 1-0

[Event "Otocec Krka Terme op"]
[Site "Otocec"]
[Date "2021.07.04"]
[Round "2"]
[White "Sajn, Simon"]
[Black "Tratar, Marko"]
[Result "0-1"]
[WhiteElo "2127"]
[BlackElo "2419"]
[PlyCount "160"]
[EventDate "2021.07.03"]
[EventType "swiss"]
[EventRounds "9"]
[EventCountry "SLO"]
[SourceTitle "CBM 203 Extra"]
[Source "ChessBase"]
[SourceDate "2021.09.30"]
[SourceVersion "1"]
[SourceVersionDate "2021.09.30"]
[SourceQuality "1"]

1. d4 Nf6 2. Bf4 e6 3. e3 b6 4. Nf3 Bb7 5. Bd3 Be7 6. h3 c5 7. 0-0 cxd4 8. exd4 0-0 9. Nbd2 d6 10. Re1 Re8 11. c3 Nbd7 12. Qe2 a6 13. a4 Nd5 14. Bh2 Bf8 15. Nc4 N7f6 16. Ng5 Qc7 17. Qc2 g6 18. Qe2 Rad8 19. Ne3 h6 20. Nf3 Qc8 21. Qc2 Bg7 22. Nd2 Nxe3 23. fxe3 Qc7 24. Rad1 e5 25. Nf1 Nd7 26. Qf2 Qc6 27. Bc2 f5 28. Qg3 Kh7 29. Bb3 Re7 30. Nd2 Nf6 31. Qf3 Qc7 32. Qf1 h5 33. Nf3 Ne4 34. Bc2 Bf6 35. Nd2 Nxd2 36. Rxd2 Kg7 37. Bd3 Qc8 38. Bg3 h4 39. Bh2 Rde8 40. Rdd1 Qa8 41. Re2 exd4 42. exd4 Rxe2 43. Bxe2 Bxg2 44. Qf2 Rxe2 45. Qxe2 Bf3 46. Qf1 Bxd1 47. Qxd1 d5 48. Qe2 Kf7 49. Kf2 Qb7 50. Be5 Be7 51. Qe3 g5 52. Qe2 Kg6 53. Bh8 Qd7 54. Qxa6 Kh7 55. Be5 Bd8 56. b3 g4 57. Kg2 gxh3+ 58. Kh2 Qf7 59. Qc8 Qg6 60. Qd7+ Kh6 61. Qxd5 Kh5 62. Qf3+ Qg4 63. Qxh3 f4 64. Qd3 Qg3+ 65. Qxg3 hxg3+ 66. Kh3 Kg5 67. Bb8 Kf5 68. d5 Ke4 69. a5 bxa5 70. d6 Kf3 71. Ba7 Bf6 72. d7 Bd8 73. c4 Ke2 74. Kg4 Bc7 75. d8Q Bxd8 76. Kxf4 g2 77. Ke4 Bh4 78. Bg1 Bf2 79. Bh2 Bg3 80. Bg1 Kf1 0-1

[Event "Trieste op 22nd"]
[Site "Trieste"]
[Date "2020.08.29"]
[Round "1"]
[White "Lagarde, Maxime"]
[Black "Sajn, Simon"]
[Result "1-0"]
[WhiteElo "2657"]
[BlackElo "2148"]
[PlyCount "83"]
[EventDate "2020.08.29"]
[EventType "swiss"]
[EventRounds "9"]
[EventCountry "ITA"]
[SourceTitle "CBM 198 Extra"]
[Source "ChessBase"]
[SourceDate "2020.11.30"]
[SourceVersion "1"]
[SourceVersionDate "2020.11.30"]
[SourceQuality "1"]

1. c4 e5 2. d3 Nf6 3. Nf3 Nc6 4. a3 a5 5. Nc3 d5 6. cxd5 Nxd5 7. e4 Nb6 8. Be2 Be7 9. Be3 0-0 10. Rc1 Be6 11. Na4 Nxa4 12. Qxa4 Bg4 13. Qb5 Bxf3 14. Bxf3 Rb8 15. 0-0 Nd4 16. Bxd4 c6 17. Qc4 Qxd4 18. Qxd4 exd4 19. e5 Rfe8 20. Bg4 g6 21. f4 Bf8 22. Rce1 Bg7 23. h4 f5 24. exf6 Bxf6 25. Be6+ Kg7 26. g3 Re7 27. Re4 Rbe8 28. Rfe1 h6 29. Kg2 c5 30. a4 b6 31. Bc4 Rxe4 32. dxe4 Bd8 33. e5 g5 34. h5 Rf8 35. Kf3 gxf4 36. gxf4 Bg5 37. Re4 Bd8 38. Kg4 Re8 39. f5 Bg5 40. f6+ Kf8 41. Kf5 d3 42. e6 1-0

[Event "SLO-chT2 West"]
[Site "Komenda"]
[Date "2019.12.01"]
[Round "9.1"]
[White "Olenik Campa, Rudi"]
[Black "Sajn, Simon"]
[Result "0-1"]
[WhiteElo "1997"]
[BlackElo "2090"]
[PlyCount "139"]
[EventDate "2019.11.15"]
[EventType "team-tourn"]
[EventRounds "9"]
[EventCountry "SLO"]
[SourceTitle "EXT 2024"]
[Source "ChessBase"]
[SourceDate "2023.10.10"]
[SourceVersion "1"]
[SourceVersionDate "2023.10.10"]
[SourceQuality "1"]
[WhiteTeam "Domzale Tajfun II"]
[BlackTeam "Ilirska Bistrica Rimex"]
[WhiteTeamCountry "SLO"]
[BlackTeamCountry "SLO"]

1. e4 c5 2. Nf3 d6 3. d4 cxd4 4. Nxd4 Nf6 5. f3 Nc6 6. c4 Nxd4 7. Qxd4 g6 8. Nc3 Bg7 9. Be3 0-0 10. Qd2 Be6 11. Be2 Qa5 12. Bd4 Rfc8 13. b3 Nd7 14. 0-0 Bxd4+ 15. Qxd4 Qc5 16. Qxc5 Rxc5 17. Nb5 Rcc8 18. Nd4 Nc5 19. b4 Nd7 20. Nxe6 fxe6 21. Rfc1 e5 22. c5 dxc5 23. Bb5 Nf8 24. bxc5 Rc7 25. c6 b6 26. Ba6 Rd8 27. a4 Rd6 28. a5 Rdxc6 29. Rxc6 Rxc6 30. axb6 axb6 31. Bb7 Rd6 32. Bd5+ Kg7 33. Ra7 Kf6 34. Kf2 Nd7 35. Ke3 Nc5 36. g3 e6 37. Bc4 Rd4 38. Bb5 h5 39. h4 Rd8 40. g4 hxg4 41. fxg4 g5 42. h5 Rf8 43. Rh7 Ra8 44. Rh6+ Ke7 45. Rh7+ Kd6 46. Rg7 Ra3+ 47. Ke2 Nxe4 48. Be8 Nf6 49. Bf7 Nxg4 50. Rxg5 Nf6 51. Bg6 Rh3 52. Kf2 Nd5 53. Bf7 Nf4 54. Be8 Ke7 55. Bg6 Kf6 56. Rg4 b5 57. Rg1 Nxh5 58. Bxh5 Rxh5 59. Rb1 e4 60. Ke3 Ke7 61. Kxe4 Kd6 62. Rc1 Rc5 63. Rb1 Rc4+ 64. Kd3 Kc5 65. Re1 Kd5 66. Ra1 e5 67. Ra8 e4+ 68. Ke2 Kc5 69. Ra1 Rd4 70. Rb1 0-1

[Event "SLO-chT1 West"]
[Site "Slovenia"]
[Date "2018.09.30"]
[Round "3.1"]
[White "Sajn, Simon"]
[Black "Firat, Burak"]
[Result "0-1"]
[WhiteElo "2061"]
[BlackElo "2465"]
[PlyCount "96"]
[EventDate "2018.09.28"]
[EventType "team-tourn"]
[EventRounds "9"]
[EventCountry "SLO"]
[SourceTitle "CBM 187 Extra"]
[Source "ChessBase"]
[SourceDate "2018.11.04"]
[SourceVersion "1"]
[SourceVersionDate "2018.11.04"]
[SourceQuality "1"]
[WhiteTeam "Ilirska Bistrica Rimex"]
[BlackTeam "Domzale Tajfun"]
[WhiteTeamCountry "SLO"]
[BlackTeamCountry "SLO"]

1. d4 Nf6 2. Bf4 c5 3. c3 g6 4. e3 b6 5. Nd2 Bb7 6. Ngf3 Bg7 7. Be2 0-0 8. h3 d6 9. 0-0 Nbd7 10. Bh2 Qc7 11. Rc1 Rac8 12. b4 Qb8 13. bxc5 bxc5 14. Rb1 Qa8 15. Qb3 Bc6 16. Qa3 Ne4 17. Bb5 Ndf6 18. Bxc6 Rxc6 19. Rfc1 Rfc8 20. c4 cxd4 21. exd4 Bh6 22. Qd3 Nxd2 23. Nxd2 Bxd2 24. Qxd2 Rxc4 25. Rxc4 Rxc4 26. Re1 Nd5 27. Bf4 Qb7 28. Bg5 Qc7 29. Qd3 Kf8 30. Qe4 Qb7 31. Rb1 f5 32. Bxe7+ Kf7 33. Rxb7 fxe4 34. Bxd6+ Ke6 35. Be5 Rc1+ 36. Kh2 Rc2 37. Rxa7 Rxf2 38. Ra6+ Ke7 39. Kg3 Re2 40. Ra7+ Ke6 41. Rxh7 Ne3 42. Ra7 g5 43. Ra6+ Kd5 44. Kh2 Nxg2 45. Kg1 e3 46. Ra5+ Ke4 47. Bf6 Nh4 48. Re5+ Kd3 0-1

[Event "Trieste op 19th"]
[Site "Trieste"]
[Date "2017.09.03"]
[Round "2"]
[White "Juretic, Lejla"]
[Black "Sajn, Simon"]
[Result "1-0"]
[WhiteElo "1930"]
[BlackElo "2077"]
[PlyCount "99"]
[EventDate "2017.09.02"]
[EventType "swiss"]
[EventRounds "9"]
[EventCountry "ITA"]
[SourceTitle "CBM 180 Extra"]
[Source "ChessBase"]
[SourceDate "2017.10.06"]
[SourceVersion "1"]
[SourceVersionDate "2017.10.06"]
[SourceQuality "1"]

1. d4 Nf6 2. Nf3 g6 3. e3 Bg7 4. b3 0-0 5. Bb2 d6 6. Be2 Nc6 7. 0-0 e5 8. dxe5 Ng4 9. c4 Ngxe5 10. Nc3 Re8 11. Qc2 Bf5 12. Qd2 h5 13. Nd4 Nxd4 14. exd4 Nc6 15. Nd5 Be4 16. Ne3 Qg5 17. Rad1 Bh6 18. f4 Qe7 19. d5 Nb8 20. Qc3 Kh7 21. Bf3 Bxf3 22. Rxf3 Nd7 23. Re1 f5 24. Nc2 Qf8 25. Rfe3 Nc5 26. g3 Ne4 27. Qd3 Qf7 28. Nd4 Nc5 29. Qe2 Rxe3 30. Qxe3 Ne4 31. Ne6 c5 32. Qd3 Re8 33. Rxe4 fxe4 34. Qxe4 Kg8 35. Qd3 Qf5 36. Qc3 Kf7 37. Ng7 Re1+ 38. Qxe1 Bxg7 39. Qe6+ Kf8 40. Qxf5+ gxf5 41. Bxg7+ Kxg7 42. Kf2 Kg6 43. h3 Kf6 44. Kf3 Kg7 45. g4 Kg6 46. Kg3 a6 47. a4 a5 48. Kh4 hxg4 49. hxg4 Kf6 50. Kh5 1-0

[Event "Mediterranean op 9th"]
[Site "Rijeka"]
[Date "2017.02.12"]
[Round "3"]
[White "Sajn, Simon"]
[Black "Krajacic, Ivona"]
[Result "1-0"]
[WhiteElo "2099"]
[BlackElo "1620"]
[PlyCount "77"]
[EventDate "2017.02.11"]
[EventType "swiss"]
[EventRounds "9"]
[EventCountry "CRO"]
[SourceTitle "CBM 177 Extra"]
[Source "ChessBase"]
[SourceDate "2017.04.27"]
[SourceVersion "1"]
[SourceVersionDate "2017.04.27"]
[SourceQuality "1"]

1. d4 e6 2. Nf3 d5 3. Bf4 Nf6 4. e3 Bd6 5. Bd3 Bxf4 6. exf4 Qd6 7. Qc1 c5 8. dxc5 Qxc5 9. Nbd2 Bd7 10. 0-0 Nc6 11. Nb3 Qd6 12. Re1 0-0 13. c3 Rfe8 14. Ne5 Qc7 15. Qe3 Bc8 16. Qh3 g6 17. Re3 Nd7 18. Nxf7 Nf8 19. Ne5 a6 20. Rae1 Nxe5 21. fxe5 Bd7 22. Qh6 Re7 23. h4 Be8 24. Rf3 Rf7 25. Rxf7 Qxf7 26. Qg5 Kh8 27. Nd4 Rc8 28. Re3 Bd7 29. Rf3 Qg7 30. Rf6 Re8 31. Qf4 Kg8 32. Nf3 Re7 33. c4 dxc4 34. Bxc4 b5 35. Bb3 Bc6 36. Ng5 Bd5 37. Bxd5 exd5 38. Qd4 Nd7 39. Qxd5+ 1-0

[Event "SLO-chT2 West"]
[Site "Komenda"]
[Date "2016.11.13"]
[Round "4.4"]
[White "More, Erlend"]
[Black "Sajn, Simon"]
[Result "0-1"]
[WhiteElo "1650"]
[BlackElo "2096"]
[PlyCount "66"]
[EventDate "2016.11.11"]
[EventType "team-tourn"]
[EventRounds "9"]
[EventCountry "SLO"]
[SourceTitle "EXT 2019"]
[Source "ChessBase"]
[SourceDate "2018.10.10"]
[SourceVersion "1"]
[SourceVersionDate "2018.10.10"]
[SourceQuality "1"]
[WhiteTeam "Komenda II"]
[BlackTeam "Ilirska Bistrica Rimex"]
[WhiteTeamCountry "SLO"]
[BlackTeamCountry "SLO"]

1. d4 Nf6 2. c4 g6 3. Nc3 Bg7 4. e4 d6 5. Be2 0-0 6. Be3 e5 7. d5 Na6 8. f3 Nh5 9. Qd2 f5 10. 0-0-0 Nf4 11. Bf1 Bd7 12. g3 Nh5 13. Bg5 Bf6 14. Bh6 Rf7 15. Nh3 Bg7 16. Bxg7 Kxg7 17. Ng5 Rf6 18. Be2 h6 19. Ne6+ Bxe6 20. dxe6 Rxe6 21. exf5 gxf5 22. g4 fxg4 23. fxg4 Nf4 24. Ne4 Qh4 25. Bf3 Kh8 26. Ng3 Nc5 27. Qc2 Nh3 28. Kb1 Rf8 29. Rhf1 Ref6 30. Nh5 Rxf3 31. Rxf3 Rxf3 32. Qg6 Qe7 33. Qxh6+ Qh7+ 0-1

[Event "SLO-chT2 West"]
[Site "Komenda"]
[Date "2016.11.13"]
[Round "5.4"]
[White "Sajn, Simon"]
[Black "Skrbec, Leon"]
[Result "1-0"]
[WhiteElo "2096"]
[BlackElo "1505"]
[PlyCount "217"]
[EventDate "2016.11.11"]
[EventType "team-tourn"]
[EventRounds "9"]
[EventCountry "SLO"]
[SourceTitle "EXT 2019"]
[Source "ChessBase"]
[SourceDate "2018.10.10"]
[SourceVersion "1"]
[SourceVersionDate "2018.10.10"]
[SourceQuality "1"]
[WhiteTeam "Ilirska Bistrica Rimex"]
[BlackTeam "Postojna"]
[WhiteTeamCountry "SLO"]
[BlackTeamCountry "SLO"]

1. d4 Nf6 2. Nf3 e6 3. Bf4 c5 4. e3 Be7 5. Bd3 b6 6. 0-0 0-0 7. c4 Bb7 8. Nc3 d6 9. h3 Nbd7 10. Qe2 Nh5 11. Bh2 f5 12. Nb5 Nb8 13. dxc5 bxc5 14. Ng5 Bxg5 15. Qxh5 Be7 16. Rad1 Qb6 17. Qe2 e5 18. Bb1 a6 19. Nc3 Kh8 20. Nd5 Bxd5 21. Rxd5 Nc6 22. Rd3 Rf6 23. Rb3 Qc7 24. Bg3 Rf7 25. Qd2 Raf8 26. Bc2 f4 27. Bh2 f3 28. Be4 fxg2 29. Bxg2 Bg5 30. Qe2 Bh4 31. Rc3 Rf6 32. Be4 Qd7 33. Qh5 Rh6 34. Qg4 Qe7 35. Rcc1 Nd8 36. Bg3 Ne6 37. Rcd1 Rb8 38. b3 Rf8 39. Kg2 Bf6 40. Bd5 Nc7 41. Be4 Bg5 42. Rd2 a5 43. Rfd1 Rd8 44. Rh1 Rf8 45. h4 Bf6 46. h5 Ne6 47. Rhd1 Rd8 48. Bf5 Nc7 49. Be4 Ne6 50. Bc6 Nc7 51. f4 Na6 52. Qf5 Nb4 53. Bf3 e4 54. Qxe4 Qxe4 55. Bxe4 Bc3 56. Re2 Rxh5 57. Bf3 Rh6 58. a3 Na6 59. f5 Kg8 60. Bf4 Rf6 61. Bg5 Nc7 62. Rd3 Be5 63. Bxf6 Bxf6 64. Bd5+ Kf8 65. Kf3 Be5 66. Kg4 Ne8 67. Rd1 Nf6+ 68. Kf3 Rb8 69. Rb1 h6 70. Bc6 Rb6 71. Bd5 Ke7 72. e4 Kf8 73. Rg2 Nh7 74. Ke2 Nf6 75. Kd3 Nh5 76. Kc2 Nf4 77. Rf2 Nh3 78. Rff1 Ng5 79. Kd3 Nh7 80. Rf2 Ng5 81. Be6 Nh7 82. Bd7 Nf6 83. Bb5 Rb7 84. b4 Bd4 85. Rff1 axb4 86. axb4 Re7 87. Bc6 Rc7 88. bxc5 Bxc5 89. Rb8+ Kf7 90. Bd5+ Ke7 91. Rfb1 Nd7 92. R1b7 Ne5+ 93. Ke2 Rxb7 94. Rxb7+ Kf6 95. Kf1 h5 96. Kg2 Be3 97. Rb3 Bg5 98. Rb6 Ke7 99. c5 Nd7 100. Rb7 Kd8 101. cxd6 Bf4 102. Be6 Bh6 103. Rxd7+ Ke8 104. Rb7 Bg5 105. Rxg7 Bh6 106. Re7+ Kf8 107. Rh7 Bf4 108. d7 Bc7 109. f6 1-0